000 00429nam a2200157 4500
001 123047
003 ES-MaACL
005 20230906192112.0
007 t|
008 070214s1974 fr r ||||0| fre d
100 1 _aProu, Suzanne.
_994051
245 1 3 _aLa terrasse des Bernardini
_b: roman /
_cSuzanne Prou.
260 _aParis :
_bCalmann-Lévy,
_c1974.
300 _a249 p ;
_c21 cm.
852 _aES-MaACL
_jC-56739
_bR.89671
999 _c123047
_d123047